The short story : a critical introduction / (Record no. 102139)

MARC details
000 -LEADER
fixed length control field 00954nam a22002537a 4500
005 - DATE AND TIME OF LATEST TRANSACTION
control field 20180301105255.0
010 ## - LCCN (DPL NO)
LC control number 1617EN ENG-117140
020 ## - INTERNATIONAL STANDARD BOOK NUMBER
International Standard Book Number 9781138695641
Terms of availability 895.00
035 ## - SYSTEM CONTROL NUMBER
System control number B-650196-201
035 ## - SYSTEM CONTROL NUMBER
System control number EN-100672
035 ## - SYSTEM CONTROL NUMBER
System control number B-664940
037 ## - SOURCE OF ACQUISITION
Stock number DPL
Source of stock number/acquisition UPPAL
037 ## - SOURCE OF ACQUISITION
Source of stock number/acquisition DBAD/PUB
082 ## - DEWEY DECIMAL CLASSIFICATION NUMBER
Classification number 808.31
100 ## - MAIN ENTRY--PERSONAL NAME
Personal name Shaw, Valerie
245 ## - TITLE STATEMENT
Title The short story : a critical introduction /
Statement of responsibility, etc by Valerie Shaw
260 ## - PUBLICATION, DISTRIBUTION, ETC. (IMPRINT)
Place of publication, distribution, etc New York
Name of publisher, distributor, etc Routledge
Date of publication, distribution, etc 2016
270 ## - ADDRESS
Address 711 third avenue
City New York
Postal code NY 10017
300 ## - PHYSICAL DESCRIPTION
Extent ix,294p.
Dimensions 24cm(pbk)
500 ## - GENERAL NOTE
General note inculds index
942 ## - ADDED ENTRY ELEMENTS (KOHA)
Source of classification or shelving scheme Dewey Decimal Classification
Item type English Books
Classification part 808.31
Call number suffix SHA
Holdings
Withdrawn status Lost status Not for loan Collection code Home library Current library Date acquired Source of acquisition Cost, normal purchase price Full call number Barcode Copy number Cost, replacement price Koha item type
      Non-fiction Ashok Vihar Ashok Vihar 01/03/2018 Uppal/14146/27.2.2017/EN/AV/473/15.2.2017/7.3.2017 895.00 808.31 SHA B-664940 1 895.00 English Books
      Non-fiction Bawana Bawana 17/03/2017 BPPD/EN/2016-17/307/24.11.2016/13893/05.12.2016/02.01.2017 895.00 808.31 SHA B-650200 1 895.00 English Books
      Non-fiction Central Library Central Library 17/03/2017 BPPD/EN/2016-17/307/24.11.2016/13893/05.12.2016/02.01.2017 895.00 808.31 SHA B-650196 1 895.00 English Books
      Non-fiction Janak Puri Janak Puri 17/03/2017 BPPD/EN/2016-17/307/24.11.2016/13893/05.12.2016/02.01.2017 895.00 808.31 SHA B-650199 1 895.00 English Books
      Non-fiction New Police Line New Police Line 17/03/2017 BPPD/EN/2016-17/307/24.11.2016/13893/05.12.2016/02.01.2017 895.00 808.31 SHA B-650197 1 895.00 English Books
      Non-fiction Patel Nagar Patel Nagar 17/03/2017 BPPD/EN/2016-17/307/24.11.2016/13893/05.12.2016/02.01.2017 895.00 808.31 SHA B-650198 1 895.00 English Books
      Non-fiction Shahdara Branch Shahdara Branch 24/01/2017 DBAD/PUB 895.00 808.31 SHA EN-100672 1 895.00 English Books
      Non-fiction Shahdara Branch Shahdara Branch 17/03/2017 BPPD/EN/2016-17/307/24.11.2016/13893/05.12.2016/02.01.2017 895.00 808.31 SHA B-650201 1 895.00 English Books

© Delhi Public Library
Hit Counter
free hit counter